[Event "Gibtelecom Masters"]
[Site "Gibraltar"]
[Date "2007.01.24"]
[Round "2"]
[White "Wade, Robert"]
[Black "Sandipan, Chanda"]
[Result "0-1"]
[WhiteElo "2173"]
[BlackElo "2561"]
[PlyCount "64"]
[EventDate "2007.??.??"]

1. d4 Nf6 2. c4 e6 3. Nf3 b6 4. e3 Bb7 5. Bd3 d5 6. O-O Be7 7. Nc3 O-O 8. Rb1
c5 9. a3 Nc6 10. cxd5 exd5 11. Ne5 Nxe5 12. dxe5 Ne8 13. f4 f5 14. b4 d4 15.
Bc4+ Kh8 16. exd4 cxb4 17. axb4 Rc8 18. Qd3 Be4 19. Nxe4 fxe4 20. Qxe4 Rxc4 21.
Be3 Nc7 22. Rfc1 Rxc1+ 23. Rxc1 Nd5 24. b5 Nxe3 25. Qxe3 g5 26. Rf1 Qd7 27. g3
Rd8 28. f5 Qxd4 29. Qxd4 Rxd4 30. Re1 Bc5 31. Re2 Rf4+ 32. Kg2 Rxf5 0-1

[Event "Gibtelecom Masters"]
[Site "Gibraltar"]
[Date "2007.01.24"]
[Round "2"]
[White "Bellaiche, Anthony"]
[Black "Borvander, Tom"]
[Result "1-0"]
[WhiteElo "2472"]
[BlackElo "2162"]
[PlyCount "103"]
[EventDate "2007.??.??"]

1. d4 Nf6 2. c4 g6 3. Nc3 Bg7 4. e4 d6 5. Nf3 O-O 6. Be2 Nbd7 7. O-O e5 8. Re1
c6 9. Bf1 exd4 10. Nxd4 Re8 11. Nb3 Qe7 12. f4 Nf8 13. Bd2 Be6 14. h3 Rad8 15.
Qf3 Qc7 16. Be3 Bc8 17. Rad1 b6 18. Bf2 N6d7 19. Nd4 Bb7 20. b4 a6 21. Nb3 Ne6
22. Rc1 Bh6 23. g3 Bg7 24. Qd3 h5 25. Qd2 Nf6 26. Bg2 Bh6 27. Be3 Nf8 28. Qf2
N8d7 29. a4 c5 30. Bd2 Qb8 31. Nd5 Bxd5 32. cxd5 cxb4 33. Bxb4 Nc5 34. Bxc5
bxc5 35. Na5 Rd7 36. Rb1 Qa8 37. Nc4 Qa7 38. a5 Bg7 39. Kh1 Rb8 40. Rb6 Ne8 41.
e5 Re7 42. Nxd6 Nxd6 43. Rxd6 Rc7 44. f5 Bf8 45. Rc6 Rxc6 46. dxc6 Qc7 47. e6
Bd6 48. fxg6 fxg6 49. Qf6 Qg7 50. Qxg7+ Kxg7 51. c7 Rc8 52. e7 1-0

[Event "Gibtelecom Masters"]
[Site "Gibraltar"]
[Date "2007.01.24"]
[Round "2"]
[White "Andreassen, Lars"]
[Black "Sulskis, Sarunas"]
[Result "0-1"]
[WhiteElo "2160"]
[BlackElo "2525"]
[PlyCount "108"]
[EventDate "2007.??.??"]

1. d4 Nf6 2. Nf3 b6 3. g3 Bb7 4. Bg2 c5 5. O-O e6 6. c4 cxd4 7. Nxd4 Bxg2 8.
Kxg2 Qc7 9. b3 a6 10. Bb2 Be7 11. Nc3 Qb7+ 12. Kg1 O-O 13. e3 d6 14. Qf3 Qxf3
15. Nxf3 Nc6 16. Rfd1 Rab8 17. Nd4 Rfc8 18. Nce2 Na7 19. Rac1 b5 20. cxb5 axb5
21. Rxc8+ Rxc8 22. Rc1 Rxc1+ 23. Bxc1 d5 24. a4 bxa4 25. bxa4 Kf8 26. Nc3 Ke8
27. Ncb5 Nxb5 28. Nxb5 Kd7 29. a5 Ne8 30. a6 Nc7 31. a7 Na8 32. Bb2 Kc6 33.
Nd4+ Kb7 34. Kg2 Bf6 35. Kf3 e5 36. Nb5 e4+ 37. Kf4 Bxb2 38. Nd6+ Kxa7 39. Nxf7
Nc7 40. Kf5 g6+ 41. Kg5 Bg7 42. h4 Ne6+ 43. Kg4 h5+ 44. Kh3 Kb6 45. g4 Kc7 46.
gxh5 gxh5 47. Ng5 Kd6 48. Kg3 Nxg5 49. hxg5 Ke5 50. Kh4 Kf5 51. Kxh5 d4 52.
exd4 Bxd4 53. g6 Bg7 54. Kh4 Kf4 0-1

[Event "Gibtelecom Masters"]
[Site "Gibraltar"]
[Date "2007.01.24"]
[Round "2"]
[White "Soraas, Torben"]
[Black "Kristjansson, Stefan"]
[Result "1/2-1/2"]
[WhiteElo "2155"]
[BlackElo "2485"]
[PlyCount "91"]
[EventDate "2007.??.??"]

1. e4 c5 2. Nc3 Nc6 3. g3 g6 4. d3 Bg7 5. Be3 Nd4 6. Bg2 d6 7. Qd2 Rb8 8. Nge2
Bg4 9. Ng1 Qa5 10. h3 Bd7 11. f4 b5 12. Nf3 Nxf3+ 13. Bxf3 b4 14. Nd1 e6 15. f5
exf5 16. exf5 Ne7 17. g4 gxf5 18. Bh6 Be5 19. O-O fxg4 20. hxg4 Rg8 21. Ne3 Qc7
22. Rae1 Be6 23. Re2 Rg6 24. g5 Kd7 25. c3 Rbg8 26. Ng4 Nf5 27. Rg2 Nh4 28.
Rgf2 f5 29. Nxe5+ dxe5 30. Bg2 f4 31. d4 Rxh6 32. dxe5+ Ke7 33. gxh6 bxc3 34.
bxc3 Qxe5 35. Re1 Qf5 36. Rxf4 Rxg2+ 37. Qxg2 Nxg2 38. Rxf5 Nxe1 39. Rxc5 Nf3+
40. Kf2 Nh4 41. Rc7+ Bd7 42. Rxa7 Nf5 43. Ra6 Be6 44. Ra7+ Bd7 45. Ra6 Be6 46.
Ra7+ 1/2-1/2

[Event "Gibtelecom Masters"]
[Site "Gibraltar"]
[Date "2007.01.24"]
[Round "2"]
[White "Paehtz, Elisabeth"]
[Black "Saint Amand, Paul"]
[Result "1-0"]
[WhiteElo "2451"]
[BlackElo "2150"]
[PlyCount "67"]
[EventDate "2007.??.??"]

1. e4 c5 2. Nf3 d6 3. d4 cxd4 4. Nxd4 Nf6 5. Nc3 a6 6. Bg5 e6 7. f4 Be7 8. Qf3
Qc7 9. O-O-O Nbd7 10. g4 O-O 11. Bh4 b5 12. g5 Ne8 13. a3 Rb8 14. Bh3 b4 15.
axb4 Rxb4 16. Nxe6 Ne5 17. Nxc7 Nxf3 18. N7d5 Bxh3 19. Nxb4 Nxh4 20. Nc6 Bxg5
21. fxg5 Nf3 22. Rd3 Bg2 23. Rhd1 Nc7 24. h4 Ne6 25. Ne7+ Kh8 26. Nf5 g6 27.
Nxd6 Nxh4 28. Rg3 Bf3 29. Rd3 Bh5 30. Nd5 Kg7 31. Nf6 Nf4 32. Rd2 Ne2+ 33. Rxe2
Bxe2 34. Nde8+ 1-0

[Event "Gibtelecom Masters"]
[Site "Gibraltar"]
[Date "2007.01.24"]
[Round "2"]
[White "Dekker, Alain"]
[Black "Bradford, Joseph"]
[Result "1/2-1/2"]
[WhiteElo "2144"]
[BlackElo "2442"]
[PlyCount "77"]
[EventDate "2007.??.??"]

1. e4 e6 2. d4 d5 3. Nc3 Bb4 4. e5 c5 5. a3 Ba5 6. b4 cxd4 7. Nb5 Bc7 8. f4 Ne7
9. Bd3 a5 10. Nf3 axb4 11. O-O Bd7 12. Nfxd4 Nbc6 13. Nf3 h6 14. Bb2 O-O 15.
Kh1 Bb6 16. Nh4 Bc5 17. a4 d4 18. Qh5 Be8 19. Qg4 f5 20. exf6 Rxf6 21. Rae1 Qd7
22. Bc4 Bf7 23. Rf3 Nf5 24. Rd3 Nxh4 25. Qxh4 e5 26. fxe5 Nxe5 27. Rxd4 Bxd4
28. Bxd4 Nxc4 29. Bxf6 gxf6 30. h3 Qd2 31. Re4 Qxc2 32. Nd4 Qc1+ 33. Kh2 Nd2
34. Rg4+ Kh7 35. Rg7+ Kxg7 36. Nf5+ Kf8 37. Qxb4+ Kg8 38. Qg4+ Kf8 39. Qb4+
1/2-1/2

[Event "Gibtelecom Masters"]
[Site "Gibraltar"]
[Date "2007.01.24"]
[Round "2"]
[White "Swinkels, Robin"]
[Black "Player, Edmund"]
[Result "1-0"]
[WhiteElo "2428"]
[BlackElo "2142"]
[PlyCount "85"]
[EventDate "2007.??.??"]

1. e4 e6 2. d4 d5 3. Nc3 Bb4 4. e5 c5 5. a3 Bxc3+ 6. bxc3 Qa5 7. Bd2 Qa4 8. Qb1
c4 9. Ne2 Nc6 10. Ng3 Nge7 11. Nh5 Rg8 12. Be2 Bd7 13. O-O O-O-O 14. Bg4 Kb8
15. Qb2 Nc8 16. Rae1 Rdf8 17. Re3 Qa5 18. Qc1 a6 19. Bh3 N8e7 20. Rg3 Ng6 21.
f4 Nce7 22. Re1 Rc8 23. Rf3 Rcf8 24. Kh1 Qb6 25. Rfe3 Ka8 26. R3e2 Qc6 27. Qb2
Qb5 28. Qc1 Qb6 29. Re3 Qc6 30. Qb2 Qb5 31. Qc1 Qc6 32. Qb2 Qb5 33. Qxb5 Bxb5
34. Bc1 Ba4 35. R3e2 Rc8 36. Rf1 Nf8 37. g4 Bd7 38. f5 exf5 39. gxf5 Rc6 40.
Rg2 g6 41. Nf6 Rh8 42. Nxd7 Nxd7 43. fxg6 1-0

[Event "Gibtelecom Masters"]
[Site "Gibraltar"]
[Date "2007.01.24"]
[Round "2"]
[White "Millward, Richard"]
[Black "Rajlich, Iweta"]
[Result "0-1"]
[WhiteElo "2140"]
[BlackElo "2428"]
[PlyCount "70"]
[EventDate "2007.??.??"]

1. e4 e6 2. Nf3 d5 3. Nc3 Nc6 4. d4 Nf6 5. e5 Ne4 6. Bb5 Nxc3 7. bxc3 Bd7 8.
Bg5 Qc8 9. c4 a6 10. Bxc6 Bxc6 11. cxd5 Bxd5 12. O-O c5 13. c3 h6 14. Be3 c4
15. Nd2 Qc6 16. f3 Be7 17. Qc2 O-O-O 18. a4 f5 19. a5 Rdg8 20. Rfb1 g5 21. Nf1
f4 22. Bc1 g4 23. Rb6 Qe8 24. Bxf4 gxf3 25. g3 Qf7 26. Qd2 h5 27. Kf2 h4 28.
Rb2 hxg3+ 29. Bxg3 Bh4 30. Qe3 Bxg3+ 31. hxg3 Rxg3 32. Nxg3 Rh2+ 33. Kf1 Rxb2
34. Qh6 Qg8 35. Re1 Rg2 0-1

[Event "Gibtelecom Masters"]
[Site "Gibraltar"]
[Date "2007.01.24"]
[Round "2"]
[White "Kvisia, Johannes"]
[Black "Wippermann, Till"]
[Result "0-1"]
[WhiteElo "2134"]
[BlackElo "2427"]
[PlyCount "68"]
[EventDate "2007.??.??"]

1. e4 c5 2. Nf3 d6 3. d4 cxd4 4. Nxd4 Nf6 5. Nc3 g6 6. Be3 Bg7 7. f3 Nc6 8. Qd2
O-O 9. O-O-O d5 10. Kb1 Nxd4 11. e5 Nf5 12. exf6 Bxf6 13. Nxd5 Qxd5 14. Qxd5
Nxe3 15. Qd3 Nxd1 16. Qxd1 Be6 17. Bb5 a6 18. Ba4 b5 19. Bb3 Bxb3 20. axb3 a5
21. c3 a4 22. Qd3 b4 23. bxa4 bxc3 24. bxc3 Rxa4 25. Qb5 Rfa8 26. Rc1 R4a5 27.
Qb6 Ra1+ 28. Kc2 R1a2+ 29. Kd3 Rxg2 30. Qc7 Raa2 31. c4 Rad2+ 32. Ke4 Rge2+ 33.
Kf4 e5+ 34. Kg3 Rg2+ 0-1

[Event "Gibtelecom Masters"]
[Site "Gibraltar"]
[Date "2007.01.24"]
[Round "2"]
[White "Greet, Andrew"]
[Black "Edwards, Ray"]
[Result "1-0"]
[WhiteElo "2425"]
[BlackElo "2131"]
[PlyCount "45"]
[EventDate "2007.??.??"]

1. e4 c6 2. d4 d5 3. Nc3 dxe4 4. Nxe4 Nd7 5. Ng5 Ndf6 6. N1f3 Nh6 7. Bc4 e6 8.
O-O Bd6 9. Qe2 O-O 10. Ne4 Nxe4 11. Bxh6 Nf6 12. Bg5 Qc7 13. Rad1 Bd7 14. Ne5
Rad8 15. Rd3 Be7 16. Rg3 Bc8 17. c3 Ne8 18. Bf4 Bd6 19. Qh5 f6 20. Bd3 f5 21.
Re1 Nf6 22. Qh4 Ng4 23. Rxg4 1-0

[Event "Gibtelecom Masters"]
[Site "Gibraltar"]
[Date "2007.01.24"]
[Round "2"]
[White "Vinas Guerrero, Carlos"]
[Black "Harika, Dronavalli"]
[Result "1/2-1/2"]
[WhiteElo "2124"]
[BlackElo "2421"]
[PlyCount "127"]
[EventDate "2007.??.??"]

1. e4 c5 2. c3 g6 3. d4 cxd4 4. cxd4 d5 5. e5 Bg7 6. Nf3 Bg4 7. Bb5+ Nd7 8. Nc3
a6 9. Ba4 e6 10. h3 Bxf3 11. Qxf3 Ne7 12. Bg5 O-O 13. O-O b5 14. Bc2 f6 15.
exf6 Bxf6 16. Bxf6 Rxf6 17. Qe3 Qb6 18. Ne2 Raf8 19. f4 Nf5 20. Bxf5 exf5 21.
Qb3 Rd6 22. Rfd1 Re8 23. Rd2 Nf6 24. Nc3 Kg7 25. Rad1 Qc6 26. Re2 Rde6 27. Re5
Rd8 28. Kh2 Red6 29. Rd2 R8d7 30. a3 Ne4 31. Rc2 Qc4 32. Qxc4 dxc4 33. Nxe4
fxe4 34. Rxe4 Rxd4 35. Re6 Rd2 36. Re2 Rxc2 37. Rxc2 Kf6 38. g4 Rd3 39. Kg2 h5
40. Re2 h4 41. Rf2 c3 42. bxc3 Rg3+ 43. Kh2 Rxc3 44. f5 Rxa3 45. g5+ Kf7 46. f6
b4 47. Rd2 Ra5 48. Rd7+ Ke8 49. Re7+ Kf8 50. Ra7 Rxg5 51. Ra8+ Kf7 52. Ra7+
Kxf6 53. Rxa6+ Kf7 54. Rb6 Re5 55. Rxb4 Re2+ 56. Kg1 g5 57. Rb6 Re6 58. Rxe6
Kxe6 59. Kf2 Kf6 60. Ke2 Ke6 61. Kf2 Kd5 62. Kf3 Ke5 63. Ke3 Kf6 64. Kf2
1/2-1/2

[Event "Gibtelecom Masters"]
[Site "Gibraltar"]
[Date "2007.01.24"]
[Round "2"]
[White "Gunnarsson, Jon Viktor"]
[Black "Savory, Richard"]
[Result "1-0"]
[WhiteElo "2419"]
[BlackElo "2119"]
[PlyCount "99"]
[EventDate "2007.??.??"]

1. e4 c5 2. Nf3 d6 3. d4 cxd4 4. Nxd4 Nf6 5. Nc3 a6 6. Be3 e6 7. Be2 Be7 8. Qd2
b5 9. a3 Bb7 10. f3 Nc6 11. g4 h6 12. O-O-O Qa5 13. Nb3 Qc7 14. h4 Nd7 15. g5
h5 16. f4 O-O-O 17. Kb1 Nc5 18. Bf3 g6 19. Qf2 Na5 20. Nxa5 Qxa5 21. f5 Rhe8
22. Rhe1 b4 23. axb4 Qxb4 24. Rd4 Qb6 25. Red1 Kb8 26. Bg2 gxf5 27. exf5 Bxg2
28. Qxg2 Qb7 29. Qe2 d5 30. Qxh5 Bd6 31. Qf3 Ka8 32. Na4 Rb8 33. Bc1 e5 34.
Nxc5 Bxc5 35. Rxd5 Bd4 36. Qb3 Qc6 37. Qa2 Rec8 38. c3 Qxc3 39. Qxa6+ Ba7 40.
Rd7 Qc2+ 41. Ka1 Qf2 42. Qa2 Rb5 43. Rd8 Rcb8 44. Rxb8+ Kxb8 45. Qxf7 Ra5+ 46.
Kb1 Bd4 47. Rd3 Rc5 48. Rb3+ Kc8 49. Qe8+ Kc7 50. Qb8+ 1-0

[Event "Gibtelecom Masters"]
[Site "Gibraltar"]
[Date "2007.01.24"]
[Round "2"]
[White "Arsenault, Nicolas"]
[Black "Ris, Robert"]
[Result "0-1"]
[WhiteElo "2112"]
[BlackElo "2403"]
[PlyCount "72"]
[EventDate "2007.??.??"]

1. e4 c5 2. Nf3 Nc6 3. d4 cxd4 4. Nxd4 Nf6 5. Nc3 e5 6. Ndb5 d6 7. Bg5 a6 8.
Na3 b5 9. Bxf6 gxf6 10. Nd5 f5 11. c3 Bg7 12. exf5 Bxf5 13. Nc2 O-O 14. Nce3
Be6 15. Bd3 f5 16. O-O Ra7 17. a4 Ne7 18. Nxe7+ Rxe7 19. axb5 axb5 20. Bxb5 d5
21. Ra6 Kh8 22. Qa4 f4 23. Nc2 Bf5 24. Nb4 Ref7 25. Rd1 Qg5 26. Bf1 d4 27. cxd4
e4 28. Ra5 e3 29. f3 Qh4 30. Rxf5 Rxf5 31. Qc2 Rh5 32. h3 Qg3 33. Kh1 Bxd4 34.
Rxd4 Rg8 35. Bc4 Qe1+ 36. Kh2 Rxh3+ 0-1

[Event "Gibtelecom Masters"]
[Site "Gibraltar"]
[Date "2007.01.24"]
[Round "2"]
[White "Sarkar, Justin"]
[Black "Obers, Frits"]
[Result "1-0"]
[WhiteElo "2405"]
[BlackElo "2071"]
[PlyCount "73"]
[EventDate "2007.??.??"]

1. d4 d5 2. c4 e6 3. Nc3 Be7 4. cxd5 exd5 5. Bf4 c6 6. e3 Nf6 7. Qc2 O-O 8. Bd3
Nbd7 9. Nge2 Re8 10. f3 Nf8 11. Bg3 Be6 12. O-O Rc8 13. Qd2 a6 14. e4 c5 15. e5
N6d7 16. dxc5 Bxc5+ 17. Kh1 f6 18. exf6 Nxf6 19. Be5 N8d7 20. Bd4 Bxd4 21. Nxd4
Nc5 22. Bc2 Bf7 23. Rae1 Qb6 24. Rxe8+ Rxe8 25. Na4 Nxa4 26. Bxa4 Rd8 27. Re1
Qc5 28. g4 b5 29. Bc2 Re8 30. Rxe8+ Nxe8 31. Kg2 Nd6 32. b3 Bg6 33. Bxg6 hxg6
34. Ne6 Qc6 35. Qf4 Nf7 36. Qxf7+ Kxf7 37. Nd8+ 1-0

[Event "Gibtelecom Masters"]
[Site "Gibraltar"]
[Date "2007.01.24"]
[Round "2"]
[White "Coimbra, Margarida"]
[Black "Aaberg, Anton"]
[Result "1-0"]
[WhiteElo "2061"]
[BlackElo "2400"]
[PlyCount "91"]
[EventDate "2007.??.??"]

1. e4 c6 2. d4 d5 3. Nd2 dxe4 4. Nxe4 Nd7 5. Nf3 Ngf6 6. Nxf6+ Nxf6 7. c3 Bf5
8. Ne5 e6 9. g4 Qd5 10. f3 Bg6 11. Bc4 Qa5 12. h4 Bd6 13. Qe2 Bxe5 14. dxe5 Nd7
15. h5 b5 16. b4 Qc7 17. Bb3 Nxe5 18. hxg6 Nxg6 19. Be3 Rd8 20. Rd1 Rxd1+ 21.
Kxd1 a5 22. a3 a4 23. Ba2 Nf4 24. Qd2 Nd5 25. Bxd5 cxd5 26. Qd3 Qc4 27. Qxc4
bxc4 28. Bc5 Kd7 29. Ke2 Kc6 30. g5 e5 31. Ke3 Kb5 32. f4 d4+ 33. cxd4 exf4+
34. Kxf4 c3 35. d5 Kc4 36. d6 Kb3 37. Ke4 c2 38. Kd3 h6 39. gxh6 Rxh6 40. Rc1
Rh3+ 41. Be3 Rh5 42. Kd4 Rh8 43. Kc5 Kxa3 44. d7 Kb2 45. Kc6 a3 46. Kc7 1-0

[Event "Gibtelecom Masters"]
[Site "Gibraltar"]
[Date "2007.01.24"]
[Round "2"]
[White "Matto, Manuel"]
[Black "Ippolito, Dean"]
[Result "0-1"]
[WhiteElo "1915"]
[BlackElo "2397"]
[PlyCount "66"]
[EventDate "2007.??.??"]

1. c4 e5 2. Nc3 Bb4 3. d3 Ne7 4. a3 Bxc3+ 5. bxc3 O-O 6. e4 f5 7. f3 d6 8. Be3
b6 9. Be2 Qe8 10. h4 Nd7 11. Nh3 Nc5 12. Bxc5 bxc5 13. Qc1 Rb8 14. exf5 Nxf5
15. g4 Ng3 16. Rh2 Nxe2 17. Kxe2 Qf7 18. Rf2 e4 19. fxe4 Bxg4+ 20. Kd2 Qxf2+
21. Nxf2 Rxf2+ 22. Ke1 Rbb2 23. Qe3 Rbe2+ 24. Qxe2 Rxe2+ 25. Kf1 Rd2 26. Rb1
Rxd3 27. Rb8+ Kf7 28. Rb7 Rxc3 29. Rxc7+ Kf6 30. Rxa7 Rxc4 31. Ra6 Ke7 32. Ra7+
Bd7 33. e5 dxe5 0-1

[Event "Gibtelecom Masters"]
[Site "Gibraltar"]
[Date "2007.01.24"]
[Round "2"]
[White "Johnsen, Kjell Magne"]
[Black "Grooten, Herman"]
[Result "0-1"]
[WhiteElo "1890"]
[BlackElo "2387"]
[PlyCount "76"]
[EventDate "2007.??.??"]

1. d4 Nf6 2. c4 e6 3. Nc3 Bb4 4. e3 c5 5. Bd3 Nc6 6. Nge2 cxd4 7. exd4 d5 8. a3
dxc4 9. Bxc4 Bd6 10. O-O O-O 11. Ba2 Re8 12. b4 a5 13. b5 Ne7 14. Bb2 b6 15.
Rc1 Bb7 16. Qd3 Nf5 17. d5 Ne7 18. Nd4 Nexd5 19. Nc6 Bxc6 20. bxc6 Nb4 21. Qb1
Nxa2 22. Qxa2 Qb8 23. g3 b5 24. a4 bxa4 25. Nxa4 Nd5 26. Qc4 Qb4 27. Qd4 Qxd4
28. Bxd4 Rab8 29. Rc4 Rec8 30. Rfc1 Rb4 31. Nb6 Rxb6 32. Bxb6 Nxb6 33. R4c2 Nd5
34. Kf1 Kf8 35. Ke2 a4 36. Rc4 Nb6 37. Rd4 Ke7 38. Rb1 Rxc6 0-1

[Event "Gibtelecom Masters"]
[Site "Gibraltar"]
[Date "2007.01.24"]
[Round "2"]
[White "Horton, Colin"]
[Black "Dworakowska, Joanna"]
[Result "0-1"]
[WhiteElo "1300"]
[BlackElo "2376"]
[PlyCount "58"]
[EventDate "2007.??.??"]

1. e4 c5 2. Nf3 d6 3. d4 cxd4 4. Nxd4 Nf6 5. Nc3 a6 6. Be2 e5 7. Nb3 Be7 8. O-O
O-O 9. Be3 Be6 10. f3 Nbd7 11. Re1 b5 12. Nd2 b4 13. Na4 d5 14. exd5 Nxd5 15.
Bf2 Qa5 16. b3 Nc5 17. Nc4 Qc7 18. Nab2 Rfd8 19. Bd3 Bf6 20. Qe2 Nxd3 21. cxd3
Nf4 22. Qd2 Bxc4 23. Rac1 Qa5 24. Nxc4 Qb5 25. d4 Ne6 26. Qc2 exd4 27. Qe4 Ra7
28. Nd2 Nc5 29. Qe2 Nd3 0-1

[Event "Gibtelecom Masters"]
[Site "Gibraltar"]
[Date "2007.01.24"]
[Round "2"]
[White "Quillan, Gary"]
[Black "Ansell, Simon"]
[Result "1/2-1/2"]
[WhiteElo "2354"]
[BlackElo "2393"]
[PlyCount "160"]
[EventDate "2007.??.??"]

1. e4 c5 2. Nf3 Nc6 3. Bb5 e6 4. O-O Nge7 5. Re1 a6 6. Bxc6 Nxc6 7. d4 cxd4 8.
Nxd4 Qc7 9. Nxc6 bxc6 10. e5 d5 11. c4 Bb7 12. Nc3 dxc4 13. Qg4 c5 14. Qxc4 Be7
15. Qg4 O-O-O 16. Be3 Qc6 17. f3 g5 18. Rac1 h5 19. Qc4 g4 20. Ne4 gxf3 21.
Bxc5 Bxc5+ 22. Qxc5 Qxc5+ 23. Rxc5+ Kb8 24. gxf3 Rhg8+ 25. Kf1 Rd4 26. Re3 Rb4
27. b3 Rd4 28. Nd6 Rd1+ 29. Ke2 Rh1 30. Nxb7 Rxh2+ 31. Kd3 Kxb7 32. Re4 Rd8+
33. Ke3 Kb6 34. Rec4 Rd7 35. a4 Rhd2 36. a5+ Kb7 37. Rb4+ Ka7 38. Rb6 R2d5 39.
Rbc6 Rxc5 40. Rxc5 Kb7 41. Rc3 Rd5 42. f4 Rxa5 43. Kd4 Rd5+ 44. Kc4 Rd8 45. Rh3
Rh8 46. Kc5 Kc7 47. Rh4 Rh7 48. b4 Rh8 49. b5 axb5 50. Kxb5 Kd7 51. Kc5 Ke7 52.
Kd4 Kf8 53. Ke4 Kg7 54. f5 Kh6 55. fxe6 fxe6 56. Rf4 Kg5 57. Rf1 h4 58. Rg1+
Kh5 59. Rg7 Kh6 60. Rg4 h3 61. Kf3 Ra8 62. Kg3 Ra3+ 63. Kh2 Kh5 64. Rf4 Re3 65.
Rf6 Rxe5 66. Kxh3 Kg5 67. Rf3 Re4 68. Ra3 Kf4 69. Kg2 Re2+ 70. Kf1 Re3 71. Ra2
e5 72. Kf2 Rh3 73. Ra8 Rh2+ 74. Ke1 e4 75. Ra3 Rb2 76. Rc3 Rb1+ 77. Ke2 Rb2+
78. Ke1 e3 79. Rc8 e2 80. Rf8+ Kg5 1/2-1/2

[Event "Gibtelecom Masters"]
[Site "Gibraltar"]
[Date "2007.01.24"]
[Round "2"]
[White "Ruxton, Keith"]
[Black "Sachdev, Tania"]
[Result "1-0"]
[WhiteElo "2282"]
[BlackElo "2380"]
[PlyCount "143"]
[EventDate "2007.??.??"]

1. Nf3 Nf6 2. c4 b6 3. g3 Bb7 4. Bg2 e6 5. O-O Be7 6. Nc3 O-O 7. Re1 d5 8. cxd5
exd5 9. d4 Na6 10. Bf4 Re8 11. Qb3 c5 12. Rad1 c4 13. Qc2 Nc7 14. Nd2 Qc8 15.
Nf1 Bb4 16. Ne3 Bxc3 17. bxc3 Ne4 18. f3 Nf6 19. Nf5 Nb5 20. Bh3 Qc6 21. a4 Nc7
22. Nd6 Re7 23. Qd2 Ne6 24. Be5 Nd7 25. Nf5 Ree8 26. Bxg7 Nxg7 27. Qg5 Qf6 28.
Qxg7+ Qxg7 29. Nxg7 Kxg7 30. Bxd7 Re3 31. Rc1 Kf6 32. Kf2 Re7 33. Bg4 Rae8 34.
Ra1 Re3 35. Ra3 Bc6 36. f4 Kg6 37. Bf3 Kf5 38. Bh5 Kf6 39. Rb1 R8e7 40. Ke1 Ke6
41. Kd2 Kd6 42. Raa1 f6 43. Rg1 a6 44. Bf3 b5 45. axb5 axb5 46. Rgb1 R3e6 47.
f5 Re3 48. Ra6 Kc7 49. g4 h6 50. h4 Kb7 51. Rba1 b4 52. cxb4 Re8 53. R6a3 Rxa3
54. Rxa3 Kb6 55. Ra5 Rd8 56. Rc5 Rd7 57. Kc3 Bb7 58. Kd2 Bc6 59. Ke3 Bb7 60.
Kf4 Rc7 61. Rxc7 Kxc7 62. Ke3 Kd6 63. Kd2 Bc6 64. Kc3 Bb7 65. e3 Bc6 66. Be2
Bd7 67. e4 dxe4 68. Bxc4 h5 69. gxh5 Bxf5 70. Kd2 Ke7 71. Ke3 Bh7 72. Bd5 1-0

[Event "Gibtelecom Masters"]
[Site "Gibraltar"]
[Date "2007.01.24"]
[Round "2"]
[White "Klokas, Konstantinos"]
[Black "Bellin"]
[Result "0-1"]
[WhiteElo "2231"]
[BlackElo "2381"]
[PlyCount "68"]
[EventDate "2007.??.??"]

1. d4 Nf6 2. c4 e6 3. Nf3 Bb4+ 4. Nbd2 b6 5. e3 Bb7 6. Bd3 Ne4 7. O-O f5 8. a3
Bxd2 9. Nxd2 Qg5 10. Nf3 Qe7 11. Qe2 O-O 12. Nd2 d6 13. f3 Nxd2 14. Bxd2 c5 15.
b4 e5 16. d5 Nd7 17. Bc2 Rac8 18. b5 Rb8 19. a4 a5 20. bxa6 Bxa6 21. a5 b5 22.
cxb5 Bxb5 23. Bd3 Bxd3 24. Qxd3 e4 25. fxe4 Qxe4 26. Qxe4 fxe4 27. Rxf8+ Kxf8
28. a6 Ra8 29. Be1 Nb6 30. Bg3 Ke7 31. a7 Nxd5 32. Ra6 Nb4 33. Rxd6 Rxa7 34.
Rd1 Nd3 0-1

[Event "Gibtelecom Masters"]
[Site "Gibraltar"]
[Date "2007.01.24"]
[Round "2"]
[White "Butnorius, Algimantas"]
[Black "Ashby, Anthony"]
[Result "1-0"]
[WhiteElo "2402"]
[BlackElo "2226"]
[PlyCount "71"]
[EventDate "2007.??.??"]

1. d4 f5 2. Nf3 Nf6 3. g3 g6 4. Bg2 Bg7 5. O-O O-O 6. c4 d6 7. Nc3 e6 8. b3 Nc6
9. Bb2 Qe7 10. Qc2 Nd8 11. e4 fxe4 12. Nxe4 Nxe4 13. Qxe4 Nf7 14. Rfe1 Qf6 15.
Re2 Rb8 16. Rae1 b6 17. h4 Nd8 18. Nh2 Bb7 19. d5 e5 20. f4 Nf7 21. Ng4 Qf5 22.
fxe5 Qxe4 23. Rxe4 dxe5 24. Nxe5 Nd6 25. R4e2 Rbe8 26. Bh3 Nf5 27. Kg2 Bc8 28.
Ba3 Nd6 29. Bxc8 Rxc8 30. Nc6 Ra8 31. Re7 Rf7 32. Rxf7 Nxf7 33. Bc1 Bf6 34. Re6
Kg7 35. Kf3 h6 36. Rxf6 1-0

[Event "Gibtelecom Masters"]
[Site "Gibraltar"]
[Date "2007.01.24"]
[Round "2"]
[White "Hartig, Ove"]
[Black "Dittmar, Peter"]
[Result "1/2-1/2"]
[WhiteElo "2225"]
[BlackElo "2357"]
[PlyCount "88"]
[EventDate "2007.??.??"]

1. e4 c6 2. d4 d5 3. e5 c5 4. dxc5 e6 5. Be3 Nh6 6. c3 Nf5 7. Bd4 Bd7 8. Nf3
Nc6 9. Qd2 f6 10. exf6 gxf6 11. Be3 Qe7 12. b4 a5 13. a3 Nxe3 14. fxe3 Bh6 15.
Bb5 O-O 16. O-O axb4 17. cxb4 d4 18. Nxd4 Nxd4 19. Bxd7 Nb3 20. Qc3 Nxa1 21.
Bb5 Qc7 22. Qxa1 Bxe3+ 23. Kh1 Qe5 24. Qa2 f5 25. Qe2 Rad8 26. h3 Kh8 27. Re1
f4 28. Nd2 Qb2 29. Ne4 Qxe2 30. Bxe2 Rd4 31. Bf3 Ra8 32. Nd6 Rd3 33. Bxb7 Raxa3
34. c6 Rxd6 35. c7 Rc3 36. c8=Q+ Rxc8 37. Bxc8 Kg7 38. g3 e5 39. gxf4 exf4 40.
Kg2 Rd2+ 41. Kf3 Rf2+ 42. Kg4 Rb2 43. Bf5 Rxb4 44. Rb1 Rxb1 1/2-1/2

[Event "Gibtelecom Masters"]
[Site "Gibraltar"]
[Date "2007.01.24"]
[Round "2"]
[White "Menon, Shanker"]
[Black "Werner, Dimo"]
[Result "0-1"]
[WhiteElo "2194"]
[BlackElo "2353"]
[PlyCount "76"]
[EventDate "2007.??.??"]

1. Nf3 d5 2. c4 d4 3. g3 c5 4. Bg2 Nc6 5. O-O g6 6. d3 Bg7 7. Na3 h6 8. Nc2 e5
9. b4 cxb4 10. a3 b3 11. Nb4 Nge7 12. Qxb3 O-O 13. Nd2 Bg4 14. Re1 Na5 15. Qa2
Rc8 16. a4 Qd7 17. Nb3 Nxb3 18. Qxb3 Bh3 19. Bh1 Kh7 20. a5 f5 21. Nd5 Nc6 22.
Bd2 g5 23. a6 b6 24. Qb5 Qe6 25. Nxb6 axb6 26. Bd5 Qe8 27. a7 Rf6 28. Qxb6 e4
29. Qb7 Ra8 30. Reb1 exd3 31. Rb6 Rxa7 32. Rxa7 Nxa7 33. Rxf6 Qxe2 34. Bg8+
Kxg8 35. Qd5+ Kh7 36. Rxh6+ Bxh6 37. Qf7+ Bg7 38. Qh5+ Qxh5 0-1

[Event "Gibtelecom Masters"]
[Site "Gibraltar"]
[Date "2007.01.24"]
[Round "2"]
[White "Martin Macias, Daniel"]
[Black "Citak, Selim"]
[Result "0-1"]
[WhiteElo "2192"]
[BlackElo "2310"]
[PlyCount "42"]
[EventDate "2007.??.??"]

1. d4 Nf6 2. Nf3 g6 3. c4 Bg7 4. Nc3 d5 5. cxd5 Nxd5 6. e4 Nxc3 7. bxc3 c5 8.
Rb1 O-O 9. Be2 Nc6 10. d5 Ne5 11. Nxe5 Bxe5 12. Qd2 e6 13. f4 Bg7 14. c4 Re8
15. e5 f6 16. O-O fxe5 17. fxe5 exd5 18. cxd5 Bxe5 19. Bc4 Qh4 20. Qh6 Qxc4 21.
Rf7 Qd4+ 0-1

[Event "Gibtelecom Masters"]
[Site "Gibraltar"]
[Date "2007.01.24"]
[Round "2"]
[White "Dunn, Andrew"]
[Black "Meenakshi, S."]
[Result "1/2-1/2"]
[WhiteElo "2190"]
[BlackElo "2293"]
[PlyCount "204"]
[EventDate "2007.??.??"]

1. d4 d5 2. Nf3 Nf6 3. c4 dxc4 4. e3 e6 5. Bxc4 a6 6. a4 c5 7. Nc3 cxd4 8. exd4
Nc6 9. O-O Be7 10. Be3 O-O 11. Ne5 Bd7 12. Qe2 Nb4 13. Rfd1 Bc6 14. Nxc6 bxc6
15. Rac1 a5 16. Bf4 Qb6 17. Be5 Rfd8 18. Ne4 Nxe4 19. Qxe4 Bd6 20. Qg4 Bxe5 21.
dxe5 Rxd1+ 22. Rxd1 Nd5 23. b3 Rd8 24. Qf3 Rd7 25. g3 Qb8 26. Bxd5 cxd5 27. Qc3
h6 28. Rc1 Rb7 29. Qc8+ Kh7 30. Qxb8 Rxb8 31. Rc5 Rxb3 32. Rxa5 g5 33. Ra7 Kg6
34. Kg2 g4 35. h3 h5 36. a5 Ra3 37. h4 Ra2 38. a6 Ra1 39. Kh2 d4 40. Kg2 Ra5
41. Rd7 Rxa6 42. Rxd4 Ra3 43. Rf4 Ra5 44. Re4 Ra1 45. Rb4 Re1 46. Rb5 Rc1 47.
Rb4 Rc3 48. Rf4 Rc5 49. Re4 Rc7 50. Rf4 Rc3 51. Rf6+ Kg7 52. Rf4 Rb3 53. f3
Rb2+ 54. Kf1 Rb1+ 55. Kf2 Rb2+ 56. Kf1 gxf3 57. Rxf3 Rb5 58. Re3 Kg6 59. Kg2
Rb2+ 60. Kh3 Rf2 61. Ra3 Kf5 62. Re3 Kg6 63. Ra3 Re2 64. Ra5 Re1 65. Rb5 Re4
66. Ra5 Rd4 67. Ra3 Rd1 68. Rb3 Rh1+ 69. Kg2 Re1 70. Rb5 Re4 71. Kh3 Rg4 72.
Rb3 Rd4 73. Re3 Rd2 74. Ra3 Rf2 75. Re3 Kg7 76. Re1 Kf8 77. Re3 Ke7 78. Re1 Rf5
79. Re3 Kd7 80. g4 hxg4+ 81. Kxg4 Ke7 82. Re1 Kf8 83. Re3 Kg7 84. Re4 Rf1 85.
Re3 Kg6 86. Re2 Rc1 87. Re3 Rg1+ 88. Kh3 Rb1 89. Rg3+ Kh6 90. Rf3 Kg7 91. Rg3+
Kf8 92. Re3 Rh1+ 93. Kg4 Kg7 94. Re4 Kg6 95. Re2 Rg1+ 96. Kh3 Kh5 97. Rf2 Re1
98. Rxf7 Re3+ 99. Kg2 Kxh4 100. Rg7 Rxe5 101. Kf3 Re1 102. Rg8 e5 1/2-1/2